000 00365 a2200157 4500
001 59675
020 _a9788508125104
040 _cAnchieta - Pituba
100 _aRigolin, Tércio Barbosa
240 1 0 _aTudo é geografia, 8º ano
_lpor
245 1 0 _aTudo é geografia, 8º ano
300 _a368
362 0 _a2010
650 4 _aGeografia e viagens
942 _cBK
999 _c59675
_d59675